LEADER 00934nam a2200241 i 4500 001 991001159889707536 008 050719s2001 nyua b 001 0 eng d 020 $a0072558091 035 $ab13329431-39ule_inst 040 $aDip.to Ingegneria dell'Innovazione$beng 082 0 $a620.0042 100 1 $aArora, Jasbir S.$0622569 245 10$aDesign /$cJasbir S. Arora 260 $aNew York [etc] :$bMcGraw-Hill,$cc2001 300 $axxx, 625 p. :$bill. ;$c25 cm 504 $aIncludes bibliographical references and index 650 4$aEngineering design$xMathematical models 907 $a.b13329431$b03-10-06$c19-07-05 912 $a991001159889707536 945 $aLE026 620.0042 ARO 01.01 2001$g1$i2026000021010$lle026$nProf. Gentile / Biblioteca$nLIBRO SMARRITO$on$pE60.63$q-$rl$sm $t4$u0$v0$w0$x0$y.i1410930x$z19-07-05 996 $aDesign$91105033 997 $aUNISALENTO 998 $ale026$b19-07-05$cm$da $e-$feng$gnyu$h0$i0 LEADER 01190nas 22003971- 450 001 9910139539703321 005 20260218110343.0 011 $a2698-4563 035 $a(CKB)958480187938 035 $a(CONSER)---45041014- 035 $a(DE-599)ZDB2079365-0 035 $a(DE-599)2079365-0 035 $a(EXLCZ)99958480187938 100 $a20760712a18899999 --- b 101 0 $ager 181 $ctxt$2rdacontent 182 $cc$2rdamedia 183 $acr$2rdacarrier 200 00$aAllgemeine Vermessungs-Nachrichten 210 $aBerlin-Wilmersdorf [etc.]$c[H. Wichmann]$d1889- 215 $a1 online resource 311 08$aPrint version: Allgemeine Vermessungs-Nachrichten. (DLC) 45041014 (OCoLC)2444532 0002-5968 531 0 $aAVN, Allg. Vermess.-Nachr. 606 $aSurveying$vPeriodicals 606 $aSurveying$2fast$3(OCoLC)fst01139579 606 $aVermessung$2swd 608 $aPeriodicals.$2fast 615 0$aSurveying 615 7$aSurveying. 615 07$aVermessung. 676 $a526.905 906 $aJOURNAL 912 $a9910139539703321 920 $aexl_impl conversion 996 $aAllgemeine Vermessungs-Nachrichten$92053835 997 $aUNINA